000 00593nam a2200205 u 4500
005 20210223130458.0
008 080606s2003 r 000 0 eng d
020 _a849609636X
035 _aUPN01000156644
049 _aI
050 4 _aGV1828
_bK3.6
100 1 _aKaydeda, José María,
_d1920-2006
_936134
245 1 3 _aEl payaso triste /
_cJ. M. Kaydeda ; il. J. Font de Moré.
260 _a[Madrid?] :
_bInstituto Monsa,
_c[2003?].
300 _a[30] p. :
_bil. col.
440 0 _aSol
650 4 _aPAYASOS
_911105
650 4 _aCIRCO -
_vLITERATURA JUVENIL
_99532
905 _aInfantil
999 _c128758
_d128758